000 00814nam a2200229Ia 4500
001 9941
003 GE_BSU
008 181216s||||||||xx |||||||||||||| ||und||
040 _cGE_BSU
080 _a82-93:821.353.1-32
100 _aნინოშვილი,ეგნატე
245 _aჯანყი გურიაში;პალიასტომის ტბა
245 _bმოთხრობები
245 _cრედ:ვ.კიკნაძე;მხატვ:ირ.რაზმაძე
260 _aთბილისი.
260 _bსაბლიტგამი
260 _c1949
300 _a160გვ;20სმ.
653 _aმოთხრობები
653 _aჯანყი გურიაში;პალიასტომის ტბა
942 _cBK
999 _c43216
_d43216